000 01137nam a2200253Ia 4500
001 246.094 5-ART cr it (18541)
003 IT-MiSPE
008 171229s9999||||xx |||||||||||||| ||und||
040 _aIT-MiSPE
_cIT-MiSPE
041 _aITALIANO
100 _aAA.VV.
245 0 _aL'arte cristiana in Italia
_bI. Origini e Medioevo
250 _a1a ed. (v)
260 _aCinisello B.mo
_bSan Paolo
_c2005
300 _a399 p. [3 v.]
_c31 cm
490 _a Grandi libri fotografici
_v31
500 _aArte - Italia; Arte religiosa; Italia - Arte
501 _aEdizioni San Paolo srl - Piazza Soncino, 5 - 20092 CINISELLO BALSAMO (MI) (non commercial uses only) ® Copyright 2018
520 _aTimoty Verdon (dir.). Ill.
700 _aTimoty Verdon
942 _cBK
957 _71
999 _a4941
_bNO
_g Copie: 1
_c342422
_d342422